000 00650nam a22002052 4500
001 0000005895
005 20151217145827.0
008 070809s xx 000 0 eng d
020 _a0415260752 :
_cKES 1,950
040 _aKABU
_cKABU
050 0 _aLB1578
_b.T43
245 1 0 _aTeaching modern foreign languages in secondary schools :
_ba reader /
_ced. by Ann Swarbrick.
260 _aLondon :
_bRoutledge,
_c2002.
300 _axix, 312 p.
650 0 _aLanguage and languages
_xStudy and teaching.
_@0000151974
700 1 _aSwarbrick, Ann.
_@0000157170
908 _a070809
950 _@1
999 _c2998
_d2998